LIBRARY & INFORMATION CENTRE, KCAET, TAVANUR

ONLINE PUBLIC ACCESS CATALOGUE (OPAC)

Irumbazhikal (Record no. 17932)

MARC details
000 -LEADER
fixed length control field 00226nam a22001097a 4500
003 - CONTROL NUMBER IDENTIFIER
control field OSt
008 - FIXED-LENGTH DATA ELEMENTS--GENERAL INFORMATION
fixed length control field 231115b |||||||| |||| 00| 0 eng d
041 ## - LANGUAGE CODE
Language code of text/sound track or separate title mal
100 ## - MAIN ENTRY--AUTHOR NAME
Personal name Jarasandhan
245 ## - TITLE STATEMENT
Title Irumbazhikal
942 ## - ADDED ENTRY ELEMENTS (KOHA)
Koha item type Books
Holdings
Withdrawn status Lost status Damaged status Home library Current library Date acquired Accession Number Koha item type
Withdrawn     KAUAET KAUAET 15/11/2023 12640 Books
Withdrawn     KAUAET KAUAET 15/11/2023 12641 Books
free website counter